00000000nam 2200000zi 4500
0019.954223
003CaOODSP
00520250819151655
006m     o  d f      
007cr cn ||||||||
008250818s2021    oncda   o    f000 0 fre d
040 |aCaOODSP|bfre|erda|cCaOODSP
043 |an-cn---
0861 |aT22-344/2021F-PDF
24500|aRevue quinquennale du plan stratégique, 2016-2021 / |cCaisse d'indemnisation des dommages dus à la pollution par les hydrocarbures causée par les navires.
264 1|a[Ottawa] : |bCaisse d'indemnisation des dommages dus à la pollution par les hydrocarbures causée par les navires = Ship-source Oil Pollution Fund, |c[2021]
300 |a1 ressource en ligne (40 pages) : |billustrations, graphiques
336 |atexte|btxt|2rdacontent/fre
337 |ainformatique|bc|2rdamedia/fre
338 |aressource en ligne|bcr|2rdacarrier/fre
500 |aPublié aussi en anglais sous le titre : Five-year strategic plan review, 2016-2021.
61020|aCaisse d'indemnisation des dommages dus à la pollution par les hydrocarbures causée par les navires (Canada)
650 6|aPlanification stratégique|zCanada.
7102 |aCaisse d'indemnisation des dommages dus à la pollution par les hydrocarbures causée par les navires (Canada), |eorganisme de publication.
77508|tFive-year strategic plan review, 2016-2021 / |w(CaOODSP)9.954224
85640|qPDF|s2.28 Mo|uhttps://publications.gc.ca/collections/collection_2025/cidphn-sopf/T22-344-2021-fra.pdf